Derecho internacional público adaptados por los alumnos de la Escuela Diplomática. (Record no. 24950)

MARC details
000 -LEADER
campo de control de longitud fija 00471nam a2200157 i 4500
001 - NÚMERO DE CONTROL
campo de control 24950
003 - IDENTIFICADOR DE NÚMERO DE CONTROL
campo de control ES-MaACL
005 - FECHA Y HORA DE LA ÚLTIMA TRANSACCIÓN
campo de control 20230906153151.0
007 - CAMPO FIJO DE DESCRIPCIÓN FÍSICA--INFORMACIÓN GENERAL
campo de control de longitud fija t|
008 - DATOS DE LONGITUD FIJA--INFORMACIÓN GENERAL
campo de control de longitud fija 021219s1948 sp ||||1| spa d
245 00 - MENCIÓN DEL TÍTULO
Título Derecho internacional público adaptados por los alumnos de la Escuela Diplomática.
250 ## - MENCION DE EDICION
Mención de edición 1ª ed.
260 ## - PUBLICACIÓN, DISTRIBUCIÓN, ETC.
Lugar de publicación, distribución, etc. Madrid :
Nombre del editor, distribuidor, etc. Ediciones Claridad,
Fecha de publicación, distribución, etc. [1948] (
Fabricante José Ruiz Alonso)
300 ## - DESCRIPCIÓN FÍSICA
Extensión 399 p. ;
Dimensiones 20 cm.
852 ## - LOCALIZACIÓN
Ubicación ES-MaACL
Número de control de estantería C-5170
Sublocalización o colección R.25952
Holdings
Estatus retirado Estado de pérdida Estado de daño No para préstamo Biblioteca de origen Biblioteca actual Ubicación en estantería Fecha de adquisición Fuente de adquisición Total de préstamos Signatura topográfica completa Código de barras Visto por última vez Precio de reemplazo Tipo de ítem Koha
        Biblioteca del Ateneo de Madrid Biblioteca del Ateneo de Madrid Sala Palomar 17/01/2008     C-5170 1025723 23/02/2023 23/02/2023 Libro impreso